McMillan Pumping Station, Washington, D.C. : hydraulic model investigation : final report /

Bibliographic Details
Main Author: Triplett, Glenn R.
Corporate Authors: Waterways Experiment Station (U.S.). Hydraulics Laboratory, United States. Army. Corps of Engineers. Baltimore District
Format: Government Document Book
Language:English
Published: Vicksburg, Miss. : HL-80-19. U.S. Army Engineer Waterways Experiment Station ; [date of publication not identified]
Series:Technical report (U.S. Army Engineer Waterways Experiment Station) ; HL-80-19.
Subjects:

MARC

Tag First Indicator Second Indicator Subfields
LEADER 00000cam a2200000Ii 4500
001 in00002054513
005 20151101064932.0
008 801017s1980 msuabf f000 0 eng d
035 |a (OCoLC)ocm06834223 
040 |a AED  |c AED  |d OCLCQ  |d TXA  |d UtOrBLW 
043 |a n-us-dc 
049 |a TXAM 
086 0 |a D 103.24/2:HL-80-19 
090 |a TA7  |b .W34 no. HL-80-19 
100 1 |a Triplett, Glenn R. 
245 1 0 |a McMillan Pumping Station, Washington, D.C. :  |b hydraulic model investigation : final report /  |c by Glenn R. Triplett (Hydraulics Laboratory, U.S. Army Engineer Waterways Experiment Station) ; prepared for U.S. Army Engineer DIstrict, Baltimore. 
264 1 |a Vicksburg, Miss. :  |b U.S. Army Engineer Waterways Experiment Station ;  |a HL-80-19.  |c [date of publication not identified] 
300 |a 25 pages, 9 unnumbered pages, 4 unnumbered leaves of plates :  |b illustrations, map ;  |c 27 cm. 
336 |a text  |b txt  |2 rdacontent 
337 |a unmediated  |b n  |2 rdamedia 
338 |a volume  |b nc  |2 rdacarrier 
490 1 |a Technical report - U.S. Army Engineer Waterways Experiment Station - HL-80-19 
500 |a Cover title. 
500 |a "September 1980." 
650 0 |a Intakes (Hydraulic engineering) 
651 0 |a McMillan Pumping Station (Washington, D.C.) 
650 0 |a Pumping stations  |z Washington (D.C.) 
650 0 |a Hydraulic models. 
710 2 |a Waterways Experiment Station (U.S.).  |b Hydraulics Laboratory. 
710 1 |a United States.  |b Army.  |b Corps of Engineers.  |b Baltimore District. 
740 0 |a Hydraulic model investigation: McMillan Pumping Station, Washington, D.C. 
830 0 |a Technical report (U.S. Army Engineer Waterways Experiment Station) ;  |v HL-80-19. 
994 |a C0  |b TXA 
948 |a cataloged  |b h  |c 2005/05/27  |e jferguson  |f 1:58:48 pm 
999 |a MARS 
999 f f |s 2e4a88d2-5d43-3526-9dbb-d0f1fcb85e62  |i a9e82d77-8830-32d9-8c8f-c1edf81f0fff  |t 0 
952 f f |p normal  |a Texas A&M University  |b College Station  |c Sterling C. Evans Library  |d Evans: US Documents (Annex 5th floor)  |t 0  |e D 103.24/2:HL-80-19  |h Superintendent of Documents classification  |i unmediated -- volume  |m A14832466784 
998 f f |a D 103.24/2:HL-80-19  |t 0  |l Evans: US Documents (Annex 5th floor)